The species used in urban afforestation can present phytotoxicity - a case of study of Schinus molle L. (Registro n. 328253)
[ somente texto ]
| 000 -LÍDER | |
|---|---|
| fixed length control field | 04294nab a2200301 i 4500 |
| 003 - CÓDIGO MARC DA AGÊNCIA CATALOGADORA | |
| Campo de controle | BR-BrBNA |
| 005 - DATA E HORA DA ÚLTIMA ATUALIZAÇÃO | |
| Campo de controle | 20241023180918.0 |
| 008 - CAMPO DE TAMANHO FIXO | |
| fixed length control field | 241023b2021 bl.qr|pooa||| 00| 0 eng | |
| 040 ## - FONTE DA CATALOGAÇÃO | |
| Agência catalogadora | BR-BrBNA |
| Idioma da catalogação | eng |
| 072 ## - CATEGORIA AGRIS | |
| Código AGRIS | K10 |
| Código do objeto | 3290 |
| 072 ## - CATEGORIA AGRIS | |
| Código AGRIS | H50 |
| 100 ## - ENTRADA PRINCIPAL - NOME PESSOAL | |
| Nome pessoal | Nogueira, Marina Lima |
| 100 ## - ENTRADA PRINCIPAL - NOME PESSOAL | |
| Nome pessoal | Campos, Nádia Alves |
| 100 ## - ENTRADA PRINCIPAL - NOME PESSOAL | |
| Nome pessoal | Santos, Simone Cristina dos |
| 100 ## - ENTRADA PRINCIPAL - NOME PESSOAL | |
| Nome pessoal | Beijo, Luiz Alberto |
| 100 ## - ENTRADA PRINCIPAL - NOME PESSOAL | |
| Nome pessoal | Barbosa, Sandro |
| 245 ## - TÍTULO PRINCIPAL | |
| Título principal | The species used in urban afforestation can present phytotoxicity - a case of study of Schinus molle L. |
| 500 ## - NOTA GERAL | |
| Nota geral | Publicação on-line; 30 ref.; 4 tables; 3 illus.; Summaries (En, Pt) |
| 942 ## - ADDED ENTRY ELEMENTS (KOHA) | |
| Koha item type | Analítica |
| 520 ## - NOTA DE RESUMO | |
| Nota de conteúdo | <br/><br/>ABSTRACT<br/><br/>The aim of this study was to test the phytotoxicity and cytotoxicity of ethanolic and aqueous extracts of<br/>different structures of Schinus molle L., an ornamental species commonly used in urban afforestation<br/>in Brazil, using seeds of lettuce (Lactuca sativa L.) as its plant model. The extracts were prepared from<br/>samples of leaves, inflorescence, green and ripe fruits collected in fields located in Alfenas, state of<br/>Minas Gerais, Brazil. The parameters assessed were germination (G), germination velocity index (GVI),<br/>root elongation (RE), fresh biomass (FB), dry biomass (DB), normal seedlings (NP), mitotic index (MI) and<br/>chromosomal abnormalities (CA). According to results, for the aqueous extract, we found interactions<br/>between concentration and plant structures in relation to G, GVI, RE, DB, and CA. There were no<br/>statistically significant differences among structures in relation to the percentage of normal seedlings,<br/>except among concentrations. However, the interaction for all parameters was statistically significant<br/>in relation to ethanolic extracts, except the chromosomal abnormalities. Therefore, the increasing of<br/>concentration leads to the reduction of the parameters assessed, showing a concentration-dependent<br/>effect. The ethanolic and aqueous extracts of Schinus molle showed phytotoxic effect, indicating the<br/>need for reassessment and care in the use of this species for reforestation.<br/><br/>Keywords: Allelopathy; Cytotoxicity; Phytotoxicity |
| 520 ## - NOTA DE RESUMO | |
| Nota de conteúdo | <br/>RESUMO<br/><br/>O objetivo deste estudo foi estudar a fitotoxicidade e citotoxicidade de extratos etanólico e aquoso das<br/>diferentes estruturas de Schinus molle L., uma espécie ornamental, comumente usada em arborização<br/>urbana no Brasil, utilizando sementes de alface (Lactuca sativa L.) como planta modelo. Os extratos<br/>vegetais foram preparados a partir de amostras de folhas, inflorescências, frutos verdes e maduros<br/>coletados em Alfenas, Minas Gerais, Brasil. Os parâmetros avaliados foram germinação (G), índice de<br/>velocidade de germinação (GVI), comprimento radicular (RE), biomassa fresca (FB), biomassa seca (DB),<br/>porcentagem de plântulas (PS), índice mitótico (MI) e anomalias cromossômicas (CA). De acordo com<br/>os resultados, para o extrato aquoso, encontramos interações entre as estruturas e as concentrações<br/>utilizadas em relação a G, GVI, RE, DB, e CA. Não houve diferença significativa entre as estruturas<br/>vegetais em relação à porcentagem de plântulas normais, exceto para as concentrações. No entanto,<br/>para todos os parâmetros foi encontrada diferença significativa em relação ao extrato etanólico,<br/>exceto para anormalidades cromossômicas. O aumento da concentração leva à redução de todos os<br/>parâmetros avaliados, mostrando o efeito concentração-dependente. Os extratos etanólico e aquoso<br/>de Schinus molle mostraram efeito fitotóxico, indicando a necessidade de reavaliação e cuidado no uso<br/>dessa espécie para o reflorestamento.<br/><br/>Palavras-chave: Alelopatia; Citotoxicidade; Fitotoxicidade |
| 650 ## - ASSUNTO - THESAGRO | |
| Cabeçalho tópico ou nome geográfico | ALELOPATIA |
| 650 ## - ASSUNTO - THESAGRO | |
| Cabeçalho tópico ou nome geográfico | FITOTOXICIDADE |
| 650 ## - ASSUNTO - THESAGRO | |
| Cabeçalho tópico ou nome geográfico | PLANTA ORNAMENTAL |
| 773 0# - ENTRADA ANALÍTICA | |
| Host Biblionumber | 4065 |
| Registro do item | 344970 |
| Imprenta | Santa Maria-RS Universidade Federal de Santa Maria - Centro de Pesquisas Florestais.Departamento de Ciências Florestais. Programa de Pós-Graduação em Engenharia Florestal 1991 |
| Outro identificador | 2024-5382 |
| Título | Ciência Florestal (Brazil) |
| ISSN | 0103-9954; 1980-5098 (on-line) |
| Colação | v. 31(1) p. 66-84; (Jan-Mar 2021) |
| Número de controle de registro | BR2023001826 |
| 856 ## - ACESSO E ENDEREÇO ELETRÔNICO | |
| Identificador uniforme de recurso - URI | https://www.scielo.br/j/cflo/a/v5xmFP4Pq49jtS8DhND8jJv/?format=pdf&lang=en |
Nenhum exemplar disponível.

BINAGRI